100 preguntas geográficas - de fácil a difícil - Estadísticas

Estadísticas generales
  • Esta prueba ha sido intentada 9.720 veces
  • La puntuación promedio es 35 de 100
Estadísticas de respuestas
% Respuesta % Correcto
100 ¿Cuál es la capital de Francia? París
100%
99 ¿Cuál es la montaña más alta del mundo? Everest
97%
95 ¿Cómo se dice español en inglés? Spanish
97%
96 ¿Cuál es la moneda de la UE? Euro
96%
94 ¿Qué objeto es presente en las banderas de Argentina y Uruguay? Sol de Mayo
94%
97 ¿Cuál es el río más largo de Sudamérica? Amazonas
92%
98 ¿Cuál es la cordillera más larga de Sudamérica? Andes
91%
91 ¿Qué museo francés es el más visitado del mundo? Louvre
89%
78 ¿Cuántos estados tiene los EE. UU.? 50
84%
93 ¿Cuál es el país más grande sin fronteras? Australia
82%
88 ¿Qué cordillera separa España y Francia? Pirineos
81%
87 ¿Qué es el homólogo del trópico de Capricornio? Trópico de {Cáncer}
80%
90 ¿Qué tipo de extensión geográfica es Iberia? Península
78%
89 ¿Qué montaña es el hogar de los dioses griegos? Olimpo
77%
85 ¿Qué país africano ha ganado 10 premios Nobel? Sudáfrica
77%
81 ¿Cuál es la única lengua ibérica no de origen romántico? Euskera
76%
83 ¿Qué país limita sólo con China e India? (Nombra uno) Bután | Nepal
75%
92 ¿Cuál es el pico más alto de España? Teide
71%
86 ¿Qué mar bordea el noreste de Colombia? Mar Caribe
69%
84 ¿Cómo se llama el mar que limita con el País Vasco al norte? Cantábrico
68%
79 ¿De qué ciudad eran los Beatles? Liverpool
68%
80 ¿Qué civilización dominó Centroamérica por más que ocho siglos? Maya
67%
77 ¿Cuál es la capital de Escocia? Edimburgo
61%
74 ¿Cuál es la mayor ciudad que tiene territorio tanto en Europa como en Asia? Estambul
61%
75 ¿Qué famoso festival de Múnich empieza con O? Oktoberfest
59%
67 ¿Cuál es la ciudad más santa del islam? La Meca
58%
82 ¿Qué península ucraniana fue incautada por Rusia en 2014? Crimea
56%
64 ¿En qué ciudad se encuentra la estructura más alta del mundo? Dubái
55%
70 ¿Cuál es el único país asiático que tiene tierra en el ecuador? Indonesia
54%
69 ¿Cómo se llama Alemania en alemán? Deutschland
49%
63 ¿Cuál es el animal nacional de Inglaterra? León
49%
71 ¿Qué calle en Nueva York es famosa por el teatro musical? Broadway
47%
66 ¿Qué grupo fundamentalista gobernó el Afganistán de 1996 a 2001? Talibán
46%
72 ¿Qué río pasa por Basilea y Düsseldorf? Rin
44%
59 ¿Que ciudad es conocida por sus encierros dedicados a un santo? Pamplona
42%
76 ¿Cuál es el desierto más seco del mundo? Atacama
41%
45 ¿De qué país asiático es "rnmeaia" un anagrama? Armenia
39%
51 ¿Cuál es el pico más alto de Iberia? Pico Mulhacén
39%
61 ¿Qué tipo de bioma cubre el 62,7% de Islandia? (Pista: comienza con T) Tundra
39%
54 ¿Cómo se llama el grupo étnico que engloba a rusos, polacos y serbios, entre otros? Eslavos
37%
68 ¿Qué título usaba el emperador alemán en la Primera Guerra Mundial? Káiser
37%
56 ¿Cuál país posee las islas "ABC" (Aruba, Bonaire, and Curazao)? Países Bajos
37%
55 ¿Qué pequeño territorio estadounidense en el Pacífico empieza con G? Guam
36%
46 ¿Qué país tiene el mayor número de musulmanes chía? Irán
36%
52 ¿Qué Golfo se encuentra entre Francia y España? Golfo de {Vizcaya}
33%
53 ¿Cuál es la ciudad más grande de Nueva Zelanda? Auckland
31%
50 ¿En qué parte de Londres se encuentra el Parlamento? W{estminster}
31%
58 ¿Cómo se llama Austria en alemán? Österreich
28%
26 ¿Qué famoso monumento tiene el cuerpo de un león y una cabeza humana? Gran Esfinge
27%
60 ¿Qué rica micronación es conocida por los castigos corporales? Singapur
27%
73 ¿En qué estado estadounidense se encuentra el Monte Rushmore? Dakota del Sur
26%
62 ¿Cuál es la ciudad más grande de Míchigan? Detroit
25%
48 ¿Cuál es el punto más austral de Tierra del Fuego? Cabo de {Hornos}
24%
37 ¿Cuál es el aeropuerto más concurrido del Reino Unido? Heathrow
24%
44 ¿Qué cordillera septentrional de Andalucía se menciona en Don Quijote y «Cielito lindo»? Sierra Morena
23%
38 ¿Qué tipo de estructura geológica formó el punto más alto de Centroamérica? Volcán
23%
49 ¿Dentro de qué fértil región de pastizales se encuentra Uruguay? Llanura Pampeana
22%
39 ¿Cuál es la segunda ciudad más grande de Cuba? Santiago de Cuba
22%
41 ¿Cuál es el único desierto español? Desierto de {Tabernas}
21%
47 Copacabana es una de las playas principales de Río. ¿Cuál es la otra? Ipanema
19%
36 ¿Cuál es la montaña más alta de Italia? Monte Bianco
19%
57 ¿Cuál es la ciudad más poblada de China central? Wuhan
19%
42 ¿Qué volcán indonesio explotó en 1883? Krakatoa
18%
35 ¿De qué ciudad es el gentilicio complutense? Alcalá de Henares
16%
40 ¿Qué ciudad, empezando con R, es una de las más orientales de sudamerica? Recife
15%
30 ¿La Comunidad de Madrid estaba parte de qué región histórica justo antes de su creación? Castilla la Nueva
14%
33 ¿Qué país habla principalmente oromo y amárico? Etiopía
13%
32 ¿Qué estructura valenciana es uno de los 12 Tesoros de España? Ciudad de las Artes y las Ciencias
11%
27 ¿Qué antigua civilización marinera colonizó Marruecos antes del año 1000 a.C.? Fenicia
11%
31 ¿Cuál es la moneda de Bulgaria? Lev
11%
43 A veces llamado el lago más grande de Sudamérica, ¿qué se considera más a menudo como una bahía oceánica? Lago de {Maracaibo}
10%
24 ¿Sobre qué cuerpo de agua caminó Jesús? Mar de Galilea
9%
34 ¿Cómo se llama uno de los tres principales ríos que fluyen a través de Bielorrusia? Nieman | Prípiat | Dniéper
9%
65 ¿Cuál es uno de los estados mexicanos con una superficie menos de 5.000 kilómetros cuadrados? Tlaxcala | Morelos
8%
28 ¿Qué volcán guatemalteco entró en erupción en 2018, matando a 190? Volcán de {Fuego}
8%
2 ¿Qué región europea tiene un nombre probablemente procedente de árabe que significa «tierra sin agua»? La Mancha
7%
20 ¿Qué apellido es compartido por el 39% de vietnamitas? Nguyễn
7%
29 ¿Cuál es el río fronterizo de Polonia y Alemania? Óder
7%
25 ¿Qué región comprende la parte septentrional de Irlanda? Úlster
7%
16 ¿Cuál es la montaña más alta de Gran Bretaña? Ben Nevis
6%
17 ¿Qué isla de Croacia tiene un nombre de sólo tres letras, sin vocales? Krk
6%
23 ¿Cuál es la ciudad no costera más grande de Finlandia? Tampere
6%
18 ¿Cómo se llama el extracto de levadura difundido que es popular en Australia? Vegemite
5%
19 ¿Cómo se llama la bahía oceánica de Virginia y Maryland? Chesapeake
4%
14 ¿Cuál es el nombre completo de la ciudad inglesa de Hull? Kingston upon Hull
4%
22 ¿Cuál es la moneda de Israel? Nuevo séquel
4%
3 ¿Qué ciudad está más al norte en el continente americano? Utqiaġvik
4%
10 ¿Cuál es el punto más occidental de Iberia y Europa continental? Cabo de la Roca
3%
12 Aparte de la palabra "hondureño," ¿cuál gentilicio coloquial refiere a una persona de Honduras? Catracho
3%
1 ¿Cuál es el nombre, en coreano, de Corea del Sur? Daehan / Namhan
3%
21 ¿Qué palabra refiere a las montañas de la mesa del sureste de Venezuela? (Pista: Comienza con T) Tepui
3%
15 ¿Cuál es la montaña más alta de Alemania? Zugspitze
3%
6 ¿Quién es el diseñador de las primeras estaciones del Metro de Madrid? Antonio Palacios
2%
13 ¿Qué lago entre Vermont, Quebec y Nueva York emipieza con C? Champlain
2%
5 ¿Qué pájaro aparece en la moneda de un dólar de Canadá? Colimbo grande
2%
11 ¿Cuál es una ciudad india o un estilo de pantalones de equitación? Jodhpur
2%
9 ¿Qué ciudad en Portugal, empezando con Q, está cerca de Lisboa? Queluz
2%
4 ¿Qué ciudad griega que es conocida por su carnaval de primavera anual? (Pista: empieza con X) Xánthi
2%
8 ¿Cuál es el término para el grupo étnico al que pertenece el 98,5% de los residentes japoneses? (Pista: empieza con Y) Yamato
2%
7 ¿Qué karst ha sido un monumento natural de Castilla y León desde 1996? Ojo Guareña
1%
No se encontraron pruebas coincidentes
Distribución de puntuación
Porcentaje de gente con cada puntuación
Porcentaje por número respondido
Historial de tus puntuaciones
No has intentado esta prueba.